000 03151nam0a2200409 4500
001 RU\NLR\BIBL_A\011684840
005 20180910170018.0
010 _a978-5-00104-174-0
_9300
021 _aRU
_bКН-П-18-020644
_9КН-П-18-1502
035 _a(NLR Aleph) 011684840
035 _a(RuMoRGB)009577302
090 _a11306628
_c11306628
100 _a20180419d2017 k y0rusy50 ca
101 0 _arus
_deng
102 _aRU
105 _ac zzzz||100zd
200 1 _aДела и дни. Сибирь, Россия, мир в исследовательском и образовательном пространстве
_eматериалы Всероссийской научно-практической конференции с международным участием, посвященной памяти профессора Е. И. Соловьёвой (Новосибирск, 13-14 апреля 2017 г.)
_fМинистерство образования и науки РФ, Новосибирский государственный педагогический университет, Институт истории, гуманитарного и социального образования
_gпод редакцией профессора В. А. Зверева
210 _aНовосибирск
_cИзд-во НГПУ
_d2017
215 _a162 с., [1] л. цв. портр.
_cтабл.
_d21
300 _aРез. англ.
320 _aБиблиогр. в конце ст.
517 1 _aСибирь, Россия, мир в исследовательском и образовательном пространстве
600 1 _aСоловьева
_bЕ.И.
_gЕкатерина Ивановна
_f1924 -2017
_jСъезды, совещания и т.п
_2nlr_sh2
_3RU\NLR\AUTH\661437660
606 1 _aГуманитарное образование
_jСъезды, совещания и т.п
_2nlr_sh2
_3RU\NLR\AUTH\661263403
686 1 _aЧ489.24(2)7-8Соловьева.я431
686 1 _aЧ459.1я431
686 1 _aТ1(2)74-8я431
702 1 _aСоловьева
_bЕ. И.
_cд-р ист. наук
_f1924-2017
_gЕкатерина Ивановна
_3RU\NLR\AUTH\77125972
_4570
702 1 _aЗверев
_bВ. А.
_cд-р ист. наук
_f1949-
_gВладимир Александрович
_3RU\NLR\AUTH\7715068
_4340
711 1 2 _a"Сибирь, Россия, мир в исследовательском и образовательном пространстве", всероссийская научно-практическая конференция с международным участием
_f2017
_eНовосибирск
_3RU\NLR\AUTH\880469451
712 0 2 _aНовосибирский государственный педагогический университет
_bИнститут истории, гуманитарного и социального образования
_3RU\NLR\AUTH\8810090572
_4557
942 _cBOOK
980 _aNBR
980 _aNB